00442nam a2200145 a 45000010005000000030009000050080041000140400028000550820019000831000037001022450052001392600053001913000015002446500037002594478CO-ViMGA141112s2004 ck r 000 u spa d aCO-ViMGAbspacCO-ViMGA04a372.86044 P6571 aPontificia Universidad Javeriana10aLa educación física en la escuela 1, modulo aSantafé de Bogotá : bLa Universidad, c1989 a294 p : il14aeducación FISICA - ENSEÑANZA